Presidentes de América Latina - Estadísticas

Estadísticas generales
  • Esta prueba ha sido intentada 35 veces
  • La puntuación promedio es 12 de 19
Estadísticas de respuestas
Paises Respuesta % Correcto
Argentina Javier Milei
100%
México Claudia Sheinbaum
94%
Colombia Gustavo Petro
94%
Brasil Luis Inacio Lula Da Silva
88%
EL Salvador Nayib Bukele
88%
Venzelua Delcy Rodríguez(Nicolás Maduro)
81%
Chile José Antonio Kast (Gabriel Boric)
81%
Equador Daniel Noboa
63%
Nicaragua Daniel Ortega
56%
Cuba Miguel Díaz-Canel
56%
Péru José Jerí
50%
Bolivia Rodrigo Paz
50%
Uruguay Yamandú Orsi
44%
Honduras Nasry Asfura (Xiomara Castro)
44%
Costa Rica Rodrigo Chaves
44%
Paraguay Santiago Peña
38%
Guatemala Bernardo Arévalo
31%
Panama José Raúl Mulino
31%
République Dominica Luis Abinader
31%
No se encontraron pruebas coincidentes
Distribución de puntuación
Porcentaje de gente con cada puntuación
Porcentaje por número respondido
Historial de tus puntuaciones
No has intentado esta prueba.